100 facts Rocks & Minerals / (Record no. 62297)

MARC details
000 -LEADER
fixed length control field 00792nam a22002177a 4500
005 - DATE AND TIME OF LATEST TRANSACTION
control field 20120208143812.0
010 ## - LCCN (DPL NO)
LC control number B-470521
020 ## - INTERNATIONAL STANDARD BOOK NUMBER
International Standard Book Number 9781848101258
035 ## - SYSTEM CONTROL NUMBER
System control number B-470521
037 ## - SOURCE OF ACQUISITION
Stock number dpl
Source of stock number/acquisition pub
082 ## - DEWEY DECIMAL CLASSIFICATION NUMBER
Classification number 552
100 ## - MAIN ENTRY--PERSONAL NAME
Personal name Callery, Sean
245 ## - TITLE STATEMENT
Title 100 facts Rocks & Minerals /
Statement of responsibility, etc by Sean Callery
260 ## - PUBLICATION, DISTRIBUTION, ETC. (IMPRINT)
Place of publication, distribution, etc Miles Kelly
Date of publication, distribution, etc 2009
270 ## - ADDRESS
City U.K
Electronic mail address info@mileskelly.net
300 ## - PHYSICAL DESCRIPTION
Extent 48p.
Other physical details col.ill
Dimensions 29cm
500 ## - GENERAL NOTE
General note Projects,Quizzes,Fun Facts,Cartoons
942 ## - ADDED ENTRY ELEMENTS (KOHA)
Source of classification or shelving scheme Dewey Decimal Classification
Item type Children Books
Call number suffix CAL
Classification part 552
Holdings
Withdrawn status Lost status Not for loan Collection code Home library Current library Date acquired Source of acquisition Cost, normal purchase price Full call number Barcode Copy number Cost, replacement price Koha item type
      Non-fiction Shahdara Branch Shahdara Branch 25/09/2012 Blue Berry/IN8226/24.03.2012/43/20.03.2012/29.03.2012 150.00 552 CAL B-470521 1 150.00 Children Books

© Delhi Public Library
Hit Counter
free hit counter